[Event "NRW-ch U12"]
[Site "Kranenburg"]
[Date "2008.03.26"]
[Round "4"]
[White "Krummsdorf, Sven"]
[Black "Stepanov, Eduard"]
[Result "1-0"]
[WhiteElo "1295"]
[BlackElo "917"]
[PlyCount "83"]
[EventDate "2008.03.24"]
[EventType "swiss"]
[EventRounds "7"]
[EventCountry "GER"]
[SourceTitle "EXT 2009"]
[Source "ChessBase"]
[SourceDate "2008.11.26"]
[SourceVersion "1"]
[SourceVersionDate "2008.11.26"]
[SourceQuality "1"]

1. d4 d5 2. e3 Nc6 3. c4 e6 4. Nf3 Bd6 5. Bd3 e5 6. dxe5 Nxe5 7. cxd5 Bg4 8. Be2 Qf6 9. Nxe5 Bxe2 10. Qxe2 Bxe5 11. f4 Bd6 12. 0-0 Ne7 13. e4 Bc5+ 14. Kh1 0-0 15. Nc3 a6 16. e5 Qg6 17. Be3 Bxe3 18. Qxe3 Rad8 19. Rad1 b5 20. b4 Nf5 21. Qf2 Qh6 22. Rd3 Qg6 23. Rfd1 Rd7 24. Ne4 Rfd8 25. Nc5 Re7 26. Nb7 Ra8 27. Nc5 h6 28. d6 cxd6 29. exd6 Nxd6 30. Rxd6 Rae8 31. Rxg6 fxg6 32. h3 h5 33. a3 Re2 34. Qf3 R2e3 35. Qd5+ Kh7 36. Qc6 Re2 37. Rd6 Re1+ 38. Kh2 h4 39. Re6 R8xe6 40. Nxe6 Rxe6 41. Qxe6 Kh6 42. Qxa6 1-0